| Tag |
First Indicator |
Second Indicator |
Subfields |
| LEADER |
00000pam a2200000 a 4500 |
| 001 |
in00000092284 |
| 005 |
20150923132039.0 |
| 008 |
790831s1980 nyuaf b 00110bengm |
| 010 |
|
|
|a 79020455
|
| 020 |
|
|
|z 0399124802
|
| 020 |
|
|
|a 0399125515 :
|c $16.95
|
| 035 |
|
|
|a (OCoLC)05412464
|
| 035 |
|
|
|9 AAK7366AM
|
| 040 |
|
|
|a DLC
|c DLC
|d m.c.
|d TXA
|d UtOrBLW
|
| 043 |
|
|
|a e-it---
|
| 049 |
|
|
|a TXAM
|c [1673617]
|
| 050 |
0 |
0 |
|a ML410.P89
|b G73
|
| 082 |
0 |
|
|a 782.1/092/4
|a B
|
| 100 |
1 |
|
|a Greenfeld, Howard.
|
| 245 |
1 |
0 |
|a Puccini :
|b a biography /
|c by Howard Greenfeld.
|
| 264 |
|
1 |
|a New York :
|b Putnam,
|c [1980]
|
| 264 |
|
4 |
|c ©1980
|
| 300 |
|
|
|a 299 pages, 8 unnumbered pages of plates :
|b illustrations ;
|c 24 cm.
|
| 336 |
|
|
|a text
|b txt
|2 rdacontent
|
| 337 |
|
|
|a unmediated
|b n
|2 rdamedia
|
| 338 |
|
|
|a volume
|b nc
|2 rdacarrier
|
| 500 |
|
|
|a Includes index.
|
| 504 |
|
|
|a Bibliography: pages 278-281.
|
| 600 |
1 |
0 |
|a Puccini, Giacomo,
|d 1858-1924.
|
| 650 |
|
0 |
|a Composers
|z Italy
|v Biography.
|
| 999 |
|
|
|a MARS
|
| 999 |
f |
f |
|s 18014252-f44d-3e64-9635-25b0c0a02519
|i 53ac595c-bb04-3156-8742-bc6f97a89efa
|t 0
|
| 952 |
f |
f |
|p ric
|a Texas A&M University
|b Rellis Campus
|c Joint Library Facility
|d Remote Storage
|t 0
|e ML410.P89 G73
|h Library of Congress classification
|i unmediated -- volume
|m A14806006564
|
| 998 |
f |
f |
|a ML410.P89 G73
|t 0
|l Remote Storage
|